Statistics for Third Biggest Country by Continent

Click here to take the quiz!

General Stats

  • This quiz has been taken 88 times
  • The average score is 5 of 6

Answer Stats

Answer% Correct
Mexico
98%
Peru
95%
New Zealand
84%
France
83%
India
78%
Sudan
75%

Score Distribution

Percentile by Number Answered

Percent of People with Each Score

Your Score History

You have not taken this quiz